00795nam a2200253 a 4500001001300000003000900013005001700022008004100039020002500080082002100105100002100126245005100147260004600198300000900244500003500253505001000288650002300298650003500321700002100356902000800377942000700385952013400392999001500526nice12345678IN_TiNIC20260116013044.0050524s1992 cana grp 000 0 eng  a0201839 c465.500a909.0974927bMER aMernissi, Fatima aIslam and Democracyb Fear of the Modern World aCanadabAddison-Wesley Publicationsc1992 a195p aincludes index and biblioraphy2 aNotes aIslam-20th Century aCivilization-Arab-20th Century1 aMernissi, Fatima bSRS cBK 001040708StackRoom-aHMIbHMId2007-06-05g465.50l2o909.0974927 MERp018940r2020-02-05s2019-11-13v465.50w2005-05-24yBK c9459d9459